| 000 | 00817nam a22002777a 4500 | ||
|---|---|---|---|
| 001 | 445 | ||
| 003 | FISKH | ||
| 005 | 20230421111111.0 | ||
| 008 | 230421b cb ||||| |||| 00| 0 eng d | ||
| 010 | _a 48004955 | ||
| 040 |
_aDLC _cDLC _dDLC _dFISKH _beng |
||
| 042 | _alcac | ||
| 050 | 0 | 0 |
_aPZ7.M1336 _bBl |
| 082 | 0 | 0 | _a823 |
| 100 | 1 |
_aMcCloskey, Robert, _d1914-2003. |
|
| 245 | 1 | 0 | _aBlueberries for Sal. |
| 260 |
_aNew York, _bViking Press, _c1948. |
||
| 300 |
_a54 p. _billus. _c23 x 29 cm. |
||
| 505 | _aK | ||
| 520 | _aLittle Sal and Little Bear both lose their mothers while eating blueberries and almost end up with the other's mother. | ||
| 521 | 8 |
_a600
_bLexile AD |
|
| 521 | 8 |
_aK
_bRaz-Plus |
|
| 650 | 1 | _aPicture books. | |
| 906 |
_a7 _bcbc _corignew _du _eocip _f19 _gy-gencatlg |
||
| 942 |
_2ddc _cBK _n0 |
||
| 999 |
_c445 _d445 |
||